| 000 | 01121nam a2200289Ia 4500 | ||
|---|---|---|---|
| 999 |
_c5453 _d5453 |
||
| 003 | OSt | ||
| 005 | 20200611174008.0 | ||
| 008 | 191128t2009 sp gr 000 0 spa d | ||
| 020 | _a9788472094727 | ||
| 040 |
_aCO-JMCR _cCO-JMCR |
||
| 041 | 1 |
_aspa _heng |
|
| 082 | 0 | 4 |
_a330.122 / _bV655p _223 |
| 100 | 1 |
_aVon Mises, Ludwing, _eautor _95540 |
|
| 245 | 1 | 0 |
_aPolítica económica : _bseis lecciones sobre el capitalismo / _cLudwig von Mises ; prólogo de Alberto Benegas Lynch (h) ; traducción de Alberto R. Sguaglia |
| 250 | _aSegunda edición | ||
| 260 |
_aMadrid : _bUnión editorial, _cc2009. |
||
| 300 |
_a124 páginas ; _c21 cm. |
||
| 490 | 0 | _aBiblioteca austriaca | |
| 505 | _aEl capitalismo -- Socialismo -- Intervencionismo -- Inflación -- Inversiones extranjeras -- Políticas e ideas | ||
| 534 | _pEconomic policy | ||
| 546 | _aTraducido del inglés | ||
| 650 | 1 | 4 |
_aPolítica económica _95541 |
| 650 | 2 | 4 |
_aCapitalismo-- _x Economía política Inflación _95542 |
| 700 | 1 |
_aBenegas Lynch (h), Alberto, _eprologuista _95543 |
|
| 700 | 1 |
_aSguaglia, Alberto R., _etraducción _95544 |
|
| 942 |
_2ddc _cBK |
||